00626nam a22001577a 4500008004100000040005500041080001900096245004400115260004600159300001700205500004600222650001400268942001300282999001700295952015600312230706b |||||||| |||| 00| 0 eng d aNational Science LibrarycNational Science Library aR 058(4/9)bL5 aEuropa year book 1975: bA world survey aLondon: bEuropa Publications Ltd, c1975 axxii, 1478p. aVol. I International organization, Europe aYear book 2udccYBK c55904d55904 00102udc3Vol. 1, 1975406R_05849_L570999647aNSLbNSLcGF/Rk-6/C-22/R-3d1976-01-09l0oR 058(4/9) L5p65883r2024-06-27 00:00:00w1976-01-09yYBK